Documentos. (Record no. 102223)

MARC details
000 -LEADER
campo de control de longitud fija 00942nam a2200253 i 4500
001 - NÚMERO DE CONTROL
campo de control 102223
003 - IDENTIFICADOR DE NÚMERO DE CONTROL
campo de control ES-MaACL
005 - FECHA Y HORA DE LA ÚLTIMA TRANSACCIÓN
campo de control 20250818131145.0
007 - CAMPO FIJO DE DESCRIPCIÓN FÍSICA--INFORMACIÓN GENERAL
campo de control de longitud fija t|
008 - DATOS DE LONGITUD FIJA--INFORMACIÓN GENERAL
campo de control de longitud fija 051107s1979 sp f 00110 spa d
100 1# - ENTRADA PRINCIPAL--NOMBRE DE PERSONA
Nombre de persona Mendoza, Gabino.
9 (RLIN) 80249
245 10 - MENCIÓN DEL TÍTULO
Título Documentos.
Número de parte o sección de la obra 2,
Nombre de parte o sección de la obra siglos XVI, XVII y XVIII /
Mención de responsabilidad, etc. Gabino Mendoza.
260 ## - PUBLICACIÓN, DISTRIBUCIÓN, ETC.
Lugar de publicación, distribución, etc. Madrid :
Nombre del editor, distribuidor, etc. Círculo de Amigos de la Historia,
Fecha de publicación, distribución, etc. 1979.
300 ## - DESCRIPCIÓN FÍSICA
Extensión 295 p., 8 lám. ;
Dimensiones 21 cm.
490 1# - MENCIÓN DE SERIE
Mención de serie Historia de España [dirigida por Florentino Pérez-Embid] ;
Designación de volumen o secuencia 13
651 ## - PUNTO DE ACCESO ADICIONAL DE MATERIA--NOMBRE GEOGRÁFICO
Nombre geográfico España-
Subdivisión general Historia-
Subdivisión cronológica 1516-1700, Casa de Austria-
Subdivisión de forma Fuentes.
9 (RLIN) 142405
651 #4 - PUNTO DE ACCESO ADICIONAL DE MATERIA--NOMBRE GEOGRÁFICO
Nombre geográfico España-
Subdivisión general Historia-
Subdivisión cronológica S.XVIII-
Subdivisión de forma Fuentes.
9 (RLIN) 157994
700 1# - ENTRADA AGREGADA--NOMBRE PERSONAL
Nombre de persona Pérez-Embid, Florentino,
Fechas asociadas al nombre 1918-1974
9 (RLIN) 90840
700 2# - ENTRADA AGREGADA--NOMBRE PERSONAL
Nombre de persona
9 (RLIN) 241887
830 1# - PUNTO DE ACCESO ADICIONAL DE SERIE-TÍTULO UNIFORME
Título uniforme Historia de España [dirigida por Florentino Pérez-Embid] ;
Designación de volumen o secuencia 13
9 (RLIN) 184626
852 ## - LOCALIZACIÓN
Ubicación ES-MaACL
Número de control de estantería A-10784
852 ## - LOCALIZACIÓN
Ubicación ES-MaACL
Número de control de estantería P-177-10
Holdings
Estatus retirado Estado de pérdida Estado de daño No para préstamo Biblioteca de origen Biblioteca actual Ubicación en estantería Fecha de adquisición Fuente de adquisición Total de préstamos Signatura topográfica completa Código de barras Visto por última vez Precio de reemplazo Tipo de ítem Koha
        Biblioteca del Ateneo de Madrid Biblioteca del Ateneo de Madrid Depósito 2 21/12/2018     P-177-10 1199511 23/02/2023 23/02/2023 Libro impreso
        Biblioteca del Ateneo de Madrid Biblioteca del Ateneo de Madrid Depósito 1 17/01/2008     A-10784 1106709 23/02/2023 23/02/2023 Libro impreso